Autora̕ mediata en estructuras de poder organizado

Bibliographic Details
Main Author: Daza-Gonzl̀ez, Alfonso
Format: eBook
Language:Spanish
Published: Bogot:̀ Universidad Catl̤ica de Colombia, 2017
Subjects:
Online Access:Acceso restringido

MARC

LEADER 00000nam a22000007a 4500
005 20181028213432.0
007 cr|||| ||||
008 181028s2017 co |||||s|||| 00||0 spa d
020 |a 978-958-8934-98-3 
035 |a 22077 
040 |a vLex 
090 |c 8188  |d 8188 
100 1 |a Daza-Gonzl̀ez, Alfonso 
245 1 0 |a Autora̕ mediata en estructuras de poder organizado  |h [Recurso electrn̤ico] /  |c Alfonso Daza-Gonzl̀ez 
256 |a Servicio en ln̕ea 
260 |a Bogot:̀  |b Universidad Catl̤ica de Colombia,  |c 2017 
300 |a 1 recurso electrn̤ico 
506 1 |a Disponible solo en los productos indicados  |d vLex Global  |d vLex Global (Academic Edition, excluding Law Schools)  |d vLex Global (U.S. Academic Edition, Law Schools)  |d vLex Global (U.S. Academic Edition, excluding Law Schools)  |d vLex Global (Academic Edition, Law Schools) 
650 0 4 |a Derecho Penal  |z Colombia 
740 0 |a vLex Libros (Servicio en ln̕ea) 
856 4 0 |u http://vlex.com/source/autoria-mediata-estructuras-poder-organizado-22077  |z Acceso restringido 
942 |c BOOK 
999 0 |a Criminal law